Pojazdy mechaniczne - nagła śmierć - Statystyki

Ogólne statystyki
  • Ten quiz został rozwiązany 115 razy
  • Średni wynik to 10 z 16
Answers on the Grid
Answers color-coded by a green-red scale on the quiz's grid according to % correct below.
Autobus
Balon
Deskorolka
Dron
Helikopter
Hulajnoga
Kajak
Kombajn
Kosiarka
Lokomotywa
Motor
Motorower
Prom morski
Rower
Samochód
Samolot
Skuter
Statek żaglowy
Szybowiec
Traktor
Tramwaj
Trolejbus
Wodolot
Wózek inwalidzki
 
Statystyki odpowiedzi
Odpowiedź % Poprawnych
Autobus
96%
Helikopter
74%
Kombajn
68%
Motor
68%
Lokomotywa
67%
Motorower
65%
Samochód
65%
Samolot
64%
Traktor
61%
Kosiarka
60%
Skuter
60%
Prom morski
56%
Tramwaj
51%
Trolejbus
44%
Dron
42%
Wodolot
26%
Nie znaleziono quizów pasujących do podanych kryteriów
Rozkład punktacji
Procent ludzi z każdym wynikiem
Percentyl według liczby udzielonych odpowiedzi
Twoja historia wyników
Nie rozwiązałeś tego quizu